000 00252nam a2200109 a 4500
008 101210s1987|||| d
245 1 0 _aOrchester dobrej nádeje
260 _bTatran
_aBratislava
_c1987
020 _c21
041 _aslo
044 _axo
_cSK
999 _c15131
_d15131